Ustálená slovní spojení v soudobé francouzštině obsahující žlutou barvu pohledem jazykového korpusu

Rozbor ustálených slovných spojení, obsahujúcich žltú farbu v súčasnej francúzštine na základe dát z jazykového korpusu Araneum Francogallicum Maximum. Overovanie, do akej miery sa historicko-kultúrna symbolika žltej (Pastoureau) odráža v súčasnom jazykovom úze.

Na minha lista:
Detalhes bibliográficos
Autor principal: Růžička, Martin, 1987-
Formato: Capítulo de Livro
Idioma:tcheco
Assuntos:
Tags: Adicionar Tag
Sem tags, seja o primeiro a adicionar uma tag!

MARC

LEADER 00000naa a2200000 4500
001 0314235
005 20260120135009.3
041 0 |a cze 
044 |a SK 
245 1 0 |a Ustálená slovní spojení v soudobé francouzštině obsahující žlutou barvu pohledem jazykového korpusu  |c Martin Růžička 
520 |a Rozbor ustálených slovných spojení, obsahujúcich žltú farbu v súčasnej francúzštine na základe dát z jazykového korpusu Araneum Francogallicum Maximum. Overovanie, do akej miery sa historicko-kultúrna symbolika žltej (Pastoureau) odráža v súčasnom jazykovom úze. 
610 2 0 |a farby 
610 2 0 |a francúzština 
610 2 0 |a filológia 
610 2 0 |a frazeológia 
610 2 0 |a symboly 
610 2 0 |a sémantika 
610 2 0 |a korpus lingvistický 
100 1 |a Růžička, Martin, 1987-